000 00455nam a2200181Ia 4500
001 20596
005 20260306172817.0
008 260306t2007||||xx |||||||||||||| ||spa||
041 _aESP
082 _a343.4
_bT74 V. 1
100 _aTorres Manrique, Fernando Jesús
_eAUT
245 0 _aLas garantías en el derecho civil peruano
260 _c2007
300 _a1020 páginas :
_ccm.
650 _aGEN
654 _aCDE
942 _cLIB
_dJUS
_fJUS
_2ddc
_n
999 _c20596
_d20596